00609nam a22002057a 45000050016000000100014000160200025000300350013000550370013000680820013000811000021000942450076001152600042001912700053002333000022002865000040003086500010003486500027003586500018003852010080607197.0 aENG-98362 a9788190761475c90.00 aEN-81895 bDBAD/PUB a334.0954 aHarikrishnan, K. aAn introduction of co-operative movement in India /cby K. Harikrishnan aChennaibThirupathi Publicationc2008 aNo.63, Razak Garden, ArumbakkambChennaie600106 a157p.c20cm (pbk) aIncludes bibliographical references aIndia aWomen textile designer aWomen weavers